[Event "Match"]
[Site "www.echecsemail.com"]
[Date "2017.05.29"]
[Round "1"]
[White "Mrmoto"]
[Black "Azorau"]
[WhiteElo "1680"]
[BlackElo "1810"]
[Result "0-1"]
[Round "1"]
1.e4 e5
2.Ng1f3 Nb8c6
3.Bf1b5 Nc6d4
4.Nf3xd4 exd4
5.d3 Qd8e7
6.Qd1f3 Qe7b4
7.Bc1d2 Qb4xb5
8.b3 Ng8f6
9.c3 d6
10.O-O Qb5e5
11.Bd2f4 Qe5h5
12.Qf3xh5 Nf6xh5
13.Bf4d2 Bc8g4
14.h3 Bg4e2
15.Rf1e1 Be2xd3
16.cxd4 O-O-O
17.Nb1c3 Rd8e8
18.g4 Nh5f6
19.Bd2g5 Nf6d7
20.Ra1d1 Bd3c2
21.Rd1c1 Bc2d3
22.Re1e3 Bd3a6
{ resign }
0-1

[Event "1/64 Finale"]
[Site "www.chess-mail.com"]
[Date "2017.05.29"]
[Round "1"]
[White "Corr"]
[Black "Cjood"]
[WhiteElo "1840"]
[BlackElo "1910"]
[Result "1-0"]
[Round "1"]
1.e4 e5
2.Ng1f3 Nb8c6
3.Bf1b5 Ng8e7
4.O-O g6
5.c3 Bf8g7
6.d4 d6
7.d5 a6
8.Qd1a4 Bc8d7
9.dxc6 Ne7xc6
10.Bb5d3 b5
11.Qa4d1 O-O
12.a4 bxa4
13.Ra1xa4 Nc6b8
14.Ra4a5 c5
15.Ra5a1 Bd7c6
16.Rf1e1 Qd8c7
17.Nb1d2 Qc7b7
18.Qd1b3 Qb7e7
19.Nd2f1 Nb8d7
20.Ra1xa6 Rf8b8
21.Ra6xa8 Bc6xa8
22.Bc1g5 Qe7f8
23.Qb3a4 Nd7b6
24.Qa4a2 Ba8c6
25.Nf1e3 Nb6a4
26.Re1b1 Rb8a8
27.Qa2b3 Ra8b8
28.Qb3c2 h6
29.Bg5h4 g5
30.Bh4g3 Na4b6
31.h4 Qf8e7
32.Ne3f5 Qe7f6
33.Nf3h2 Bc6a4
34.Qc2e2 Ba4b3
35.Nh2g4 Qf6d8
36.Ng4xh6 Bg7xh6
37.Nf5xh6 Kg7
38.Nh6f5 Kg6
39.Qe2g4 f6
40.Bd3e2 Nb6a4
41.Qg4h5 
1-0

[Event "1/16 Finale"]
[Site "www.chess-mail.com"]
[Date "2017.05.29"]
[Round "1"]
[White "George1955"]
[Black "Llord"]
[WhiteElo "2760"]
[BlackElo "1970"]
[Result "1-0"]
[Round "1"]
1.e4 e5
2.Ng1f3 Nb8c6
3.Bf1b5 Ng8e7
4.d4 exd4
5.Nf3xd4 a6
6.Bb5a4 g6
7.Bc1g5 b5
8.Ba4b3 h6
9.Bg5f6 Rh8g8
10.Nb1c3 Bf8g7
11.Nc3d5 Bc8b7
12.Nd4xc6 dxc6
13.Nd5xe7 Qd8xd1
14.Ra1xd1 { resign }
1-0

[Event "Tourn. n9319"]
[Site "www.chess-mail.com"]
[Date "2017.05.30"]
[Round "1"]
[White "Pdebonis"]
[Black "Chessington"]
[WhiteElo "2590"]
[BlackElo "2240"]
[Result "1/2-1/2"]
[Round "1"]
1.e4 e6
2.d4 d5
3.Nb1c3 Ng8f6
4.Bc1g5 Bf8b4
5.e5 h6
6.Bg5d2 Bb4xc3
7.bxc3 Nf6e4
8.Qd1g4 Kf8
9.Bd2e3 c5
10.Bf1d3 Ne4xc3
11.dxc5 Qd8a5
12.Be3d2 Qa5xc5
13.Ng1e2 Nc3e4
14.Bd3xe4 dxe4
15.O-O Nb8c6
16.Ra1d1 Kg8
17.Rf1e1 Qc5xe5
18.Bd2c3 h5
19.Qg4h4 Qe5f5
20.Ne2g3 Qf5g4
21.Rd1d8 Kh7
22.Re1xe4 Qg4xh4
23.Rd8xh8 Kxh8
24.Re4xh4 Kg8
25.f4 e5
26.fxe5 Bc8e6
27.a3 Ra8d8
28.Rh4e4 g6
29.Kf2 Rd8d1
30.Re4e1 Rd1xe1
31.Kxe1 Be6d5
32.Kf2 Kf8
33.Ng3e2 Ke7
34.g3 Bd5e4
35.Ke3 Be4xc2
36.Ne2d4 Bc2a4
37.Nd4xc6 Ba4xc6
38.h4 Ke6
39.Kd4 Bc6h1
40.Bc3b4 Kf5
41.Bb4d2 Bh1f3
{ draw }
1/2-1/2

[Event "Tourn. n9328"]
[Site "www.chess-mail.com"]
[Date "2017.05.30"]
[Round "1"]
[White "Hundegana"]
[Black "Sorento"]
[WhiteElo "2050"]
[BlackElo "2100"]
[Result "0-1"]
[Round "1"]
1.e4 c5
2.Bf1c4 e6
3.Nb1c3 Nb8c6
4.a3 a6
5.Ng1e2 b5
6.Bc4a2 g6
7.O-O Bf8g7
8.d3 Ng8e7
9.Bc1e3 d6
10.f4 O-O
11.Qd1e1 Nc6d4
12.Nc3d1 Nd4xc2
13.Qe1d2 Nc2xa1
14.Nd1c3 b4
15.axb4 cxb4
16.Nc3a4 b3
17.Rf1xa1 bxa2
18.Ra1xa2 Ra8b8
19.b4 Ne7c6
20.Ra2b2 Bg7xb2
21.Qd2xb2 Rb8xb4
22.Qb2a1 Qd8a5
23.Ne2c3 Nc6d4
24.Kf2 Nd4c2
25.Qa1a2 Nc2xe3
26.Kxe3 Bc8d7
27.f5 Bd7xa4
28.Nc3xa4 Rb4xa4
29.Qa2e2 exf5
30.Kf3 Rf8e8
31.Qe2f2 fxe4
32.dxe4 Ra4xe4
33.g3 Qa5f5
34.Kg2 Re4e2
35.Qf2xe2 Re8xe2
36.Kg1 Qf5f2
{ resign }
0-1

[Event "Tourn. n9400"]
[Site "www.chess-mail.com"]
[Date "2017.05.30"]
[Round "1"]
[White "Orhany24"]
[Black "Balbyns"]
[WhiteElo "2240"]
[BlackElo "2040"]
[Result "1-0"]
[Round "1"]
1.e4 e5
2.Ng1f3 Nb8c6
3.Bf1c4 Bf8c5
4.O-O Ng8f6
5.c3 Nf6xe4
6.d4 exd4
7.cxd4 Bc5e7
8.d5 Nc6a5
9.Bc4d3 Ne4f6
10.Bc1g5 b6
11.Nb1c3 d6
12.a3 Na5b3
13.Qd1xb3 { resign }
1-0

[Event "Tourn. n9370"]
[Site "www.chess-mail.com"]
[Date "2017.05.30"]
[Round "1"]
[White "Hansen"]
[Black "Madz123456"]
[WhiteElo "1590"]
[BlackElo "1500"]
[Result "0-1"]
[Round "1"]
1.e4 c5
2.d4 cxd4
3.Qd1xd4 Nb8c6
4.Qd4c3 Ng8f6
5.e5 Nf6d5
6.Qc3g3 d6
7.Bf1b5 Qd8a5
8.Nb1c3 Nd5xc3
9.bxc3 Qa5xb5
10.exd6 Bc8f5
11.dxe7 Bf8xe7
12.Qg3xg7 O-O-O
13.Qg7xf7 Rd8d1
14.Kxd1 Qb5f1
15.Kd2 Be7g5
16.f4 Bg5xf4
{ resign }
0-1

[Event "Tourn. n9379"]
[Site "www.chess-mail.com"]
[Date "2017.05.30"]
[Round "1"]
[White "Panham"]
[Black "Prize64"]
[WhiteElo "2190"]
[BlackElo "2170"]
[Result "0-1"]
[Round "1"]
1.e4 e6
2.d4 d5
3.e5 c5
4.c3 Nb8c6
5.Ng1f3 Qd8b6
6.a3 Ng8h6
7.b4 cxd4
8.Bc1xh6 gxh6
9.cxd4 Bc8d7
10.Nb1c3 Nc6xb4
11.axb4 Bf8xb4
12.Ra1c1 Ra8c8
13.Qd1b3 O-O
14.Bf1e2 Rc8xc3
15.Rc1xc3 Rf8c8
16.O-O Rc8xc3
17.Qb3a2 Bb4a3
18.Qa2d2 Qb6b2
19.Qd2xh6 Qb2xe2
20.Qh6g5 Kf8
21.Qg5h6 Ke8
22.Qh6f6 Qe2c4
23.h3 Rc3c1
24.Rf1xc1 Qc4xc1
25.Kh2 h6
{ resign }
0-1

[Event "Tourn. n9371"]
[Site "www.chess-mail.com"]
[Date "2017.05.30"]
[Round "1"]
[White "Faerieking"]
[Black "Goofy"]
[WhiteElo "2260"]
[BlackElo "2320"]
[Result "0-1"]
[Round "1"]
1.e4 d5
2.exd5 Qd8xd5
3.Nb1c3 Qd5d6
4.d4 Ng8f6
5.h3 a6
6.Ng1f3 Bc8f5
7.Bf1c4 e6
8.Nf3e5 Nb8d7
9.Bc1f4 Bf5xc2
10.Qd1f3 Qd6xd4
{ resign }
0-1

[Event "Tourn. n9400"]
[Site "www.chess-mail.com"]
[Date "2017.05.30"]
[Round "1"]
[White "Balbyns"]
[Black "Astroboy"]
[WhiteElo "2040"]
[BlackElo "2079"]
[Result "0-1"]
[Round "1"]
1.e4 c5
2.Ng1f3 d6
3.d4 cxd4
4.Nf3xd4 Ng8f6
5.Nb1c3 g6
6.h3 Bf8g7
7.Bc1e3 O-O
8.Bf1c4 Nb8c6
9.Nd4xc6 bxc6
10.O-O Qd8a5
11.Rf1e1 Ra8b8
12.Ra1b1 Rb8xb2
13.Be3d2 Rb2xb1
14.Qd1xb1 Nf6d7
15.Re1e3 Bg7h6
16.Re3e2 Bh6xd2
{ resign }
0-1

[Event "Tourn. n9399"]
[Site "www.chess-mail.com"]
[Date "2017.05.30"]
[Round "1"]
[White "Motorhead99"]
[Black "Roque1"]
[WhiteElo "1930"]
[BlackElo "1990"]
[Result "0-1"]
[Round "1"]
1.d4 d5
2.e3 Nb8c6
3.f4 Ng8f6
4.Bf1d3 Bc8g4
5.Ng1f3 e6
6.Nb1d2 Nc6b4
7.O-O Nb4xd3
8.cxd3 Bf8b4
9.h3 Bg4h5
10.g4 Nf6xg4
11.hxg4 Bh5xg4
12.Qd1e2 h5
13.Qe2g2 Qd8e7
14.Nf3e5 O-O-O
15.Ne5xg4 hxg4
16.Qg2xg4 Rh8h4
17.Qg4g2 Rd8h8
18.Nd2f3 Rh4h6
19.Kf2 Rh6g6
20.Nf3g5 f6
21.Rf1h1 Rh8xh1
22.Qg2xh1 fxg5
23.Qh1h8 Kd7
24.Qh8a8 gxf4
25.exf4 Qe7h4
26.Kf3 Rg6g3
27.Ke2 Qh4h2
{ resign }
0-1

[Event "Tourn. n9317"]
[Site "www.chess-mail.com"]
[Date "2017.05.30"]
[Round "1"]
[White "Iko"]
[Black "Autmich"]
[WhiteElo "1700"]
[BlackElo "1700"]
[Result "0-1"]
[Round "1"]
1.e4 c5
2.d4 cxd4
3.Qd1xd4 Nb8c6
4.Qd4c5 e5
5.Qc5d5 Ng8f6
6.Qd5d3 Bf8e7
7.Bc1e3 d6
8.Nb1c3 O-O
9.O-O-O Qd8c7
10.Ng1f3 Bc8e6
11.Bf1e2 Ra8c8
12.Nc3b5 Qc7a5
13.Nb5c3 Nc6b4
14.Qd3d2 Nb4xa2
15.Kb1 Na2xc3
16.Qd2xc3 Rc8xc3
17.bxc3 Qa5xc3
18.Be3xa7 Rf8a8
19.Rd1d3 Be6a2
20.Kc1 Qc3a1
21.Kd2 Qa1xh1
22.Rd3a3 Ba2e6
23.g3 Nf6xe4
24.Ke3 d5
25.Ra3a5 Be7c5
26.Ra5xc5 Ne4xc5
27.Ba7xc5 Qh1c1
28.Kd3 Be6f5
29.Kc3 Qc1xc2
30.Kb4 Qc2xe2
31.Nf3h4 Qe2c4

0-1

[Event "Match"]
[Site "www.echecsemail.com"]
[Date "2017.05.30"]
[Round "1"]
[White "Cal"]
[Black "Cjood"]
[WhiteElo "1770"]
[BlackElo "1699"]
[Result "0-1"]
[Round "1"]
1.c4 g6
2.d4 Ng8f6
3.Nb1c3 Bf8g7
4.Ng1f3 d6
5.h3 e6
6.e4 O-O
7.Bf1d3 b6
8.a4 Bc8d7
9.O-O c5
10.e5 dxe5
11.Nf3xe5 cxd4
12.Nc3e2 Nb8c6
13.Ne5xc6 Bd7xc6
14.Bc1g5 e5
15.Ne2g3 Qd8c7
16.b4 Qc7b7
17.f3 Ra8d8
18.Bg5xf6 Bg7xf6
19.b5 Bc6d7
20.Ng3e4 Bf6h4
21.Ne4d6 Qb7c7
22.Nd6e4 f5
23.Ne4d2 f4
24.Nd2e4 Bd7e6
25.Qd1b3 Rd8c8
26.Ra1c1 Bh4e7
27.Qb3a2 Qc7d7
28.Ne4f2 Be7c5
29.Nf2e4 Bc5e7
30.Ne4f2 Rc8c7
31.Nf2e4 Be7h4
32.a5 Rf8c8
33.axb6 axb6
34.Qa2a6 Rc7b7
35.c5 Be6d5
36.Ne4d6 Rb7a7
37.Qa6xc8 Qd7xc8
38.cxb6 Qc8d7
39.bxa7 Qd7xd6
40.Rc1c8 Kg7
41.Bd3e4 Qd6b6
42.Rf1a1 d3
43.Kh1 Bd5xe4
44.fxe4 d2
45.a8Q Qb6d4
46.Rc8g8 Kh6
47.Qa8f8 Kh5
48.g4 fxg3
49.Qf8f3 Kh6
50.Ra1d1 Qd4b2
51.Qf3e3 Bh4g5
52.Qe3xg3 Qb2c1
53.Qg3g1 Qc1c3
54.Qg1g2 Qc3c2
55.Qg2e2 Qc2c1
56.Rg8e8 Qc1c3
57.Qe2g2 Qc3c1
58.Qg2e2 Qc1c3
59.Qe2g2 Qc3c1
60.Qg2f1 Qc1c2
61.Re8xe5 Bg5f4
62.Re5e7 Bf4g5
63.b6 Bg5xe7
64.Qf1e2 Be7b4
65.b7 Qc2c7
66.Qe2b5 Bb4d6
67.h4 Qc7c3
68.Qb5g5 Kg7
69.Kg2 h6
70.Qg5d8 Qc3g3
71.Kf1 Qg3f3
72.Kg1 Qf3xd1
73.Kg2 Qd1e2
74.Kh3 Qe2h2
75.Kg4 Qh2g3

0-1

[Event "Match"]
[Site "www.echecsemail.com"]
[Date "2017.05.30"]
[Round "1"]
[White "Mrynmryn"]
[Black "Cristiano"]
[WhiteElo "1770"]
[BlackElo "2240"]
[Result "1-0"]
[Round "1"]
1.Ng1f3 Nb8c6
2.d4 d5
3.Bc1f4 Ng8f6
4.h3 e6
5.e3 Bf8d6
6.Bf4xd6 cxd6
7.c4 Bc8d7
8.Nb1d2 Qd8a5
9.a3 Nf6e4
10.b4 Qa5c7
11.Nd2xe4 dxe4
12.Nf3d2 d5
13.c5 a6
14.Bf1e2 e5
15.Nd2b3 { resign }
1-0

[Event "Match"]
[Site "www.echecsemail.com"]
[Date "2017.05.30"]
[Round "1"]
[White "Bjonil60"]
[Black "Osvalazo"]
[WhiteElo "1450"]
[BlackElo "1850"]
[Result "1/2-1/2"]
[Round "1"]
1.Nb1c3 e5
2.e4 Ng8f6
3.h3 Bf8b4
4.a3 Bb4xc3
5.bxc3 Nf6xe4
6.Qd1e2 f5
7.Ng1f3 Nb8c6
8.d3 Ne4xc3
9.Qe2d2 Nc3d5
10.Qd2e2 O-O
{ draw }
1/2-1/2

[Event "Match"]
[Site "www.echecsemail.com"]
[Date "2017.05.30"]
[Round "1"]
[White "Biggles"]
[Black "Motorhead99"]
[WhiteElo "2100"]
[BlackElo "1810"]
[Result "1/2-1/2"]
[Round "1"]
1.e4 d6
2.d4 Ng8f6
3.Nb1c3 Nb8d7
4.Ng1f3 e5
5.d5 Bf8e7
6.Bf1b5 h6
7.Bc1e3 c6
8.dxc6 bxc6
9.Bb5xc6 Ra8b8
10.O-O Rb8xb2
11.Be3xa7 Bc8a6
12.Rf1e1 O-O
13.Bc6xd7 Qd8xd7
14.Ba7e3 Rf8c8
15.Be3d2 Rc8b8
16.h3 Ba6c4
17.Qd1c1 Qd7b7
18.Nf3h4 Be7f8
19.Nh4f5 Bc4e6
20.Ra1b1 Rb2xb1
21.Qc1xb1 Qb7xb1
22.Re1xb1 Rb8xb1
23.Nc3xb1 d5
24.Nf5g3 d4
25.Bd2c1 Be6xa2
26.Nb1d2 g6
27.Kf1 h5
28.Ke2 h4
29.Ng3f1 Ba2e6
30.Nd2b3 Be6c4
31.Ke1 Nf6xe4
32.f3 Bf8b4
33.Bc1d2 Ne4xd2
34.Nf1xd2 Bc4b5
35.Kf2 f5
36.Nd2b1 Kf7
37.Nb1d2 Ke6
38.g3 hxg3
39.Kxg3 g5
40.h4 gxh4
41.Kxh4 Kd5
42.Kg3 e4
43.fxe4 fxe4
44.Kf4 Bb4d6
45.Kg4 Bb5d7
46.Kh4 e3
47.Nd2f3 Ke4
48.Nf3xd4 Bd6e7
49.Kg3 Be7d6
50.Kg2 Bd6b4
{ draw }
1/2-1/2

[Event "Tourn. n9291"]
[Site "www.chess-mail.com"]
[Date "2017.05.31"]
[Round "1"]
[White "Bojan"]
[Black "Roserl"]
[WhiteElo "2080"]
[BlackElo "2180"]
[Result "1-0"]
[Round "1"]
1.e4 c5
2.Ng1f3 Nb8c6
3.c3 d5
4.exd5 Qd8xd5
5.h3 Ng8f6
6.Nb1a3 e6
7.Na3b5 Qd5d8
8.d3 a6
9.Nb5a3 Bf8e7
10.Bf1e2 O-O
11.Na3c2 Qd8c7
12.Nf3h2 b5
13.Be2f3 Bc8b7
14.Nc2e3 Ra8d8
15.b3 Nc6e5
16.d4 Ne5xf3
17.Nh2xf3 cxd4
18.cxd4 Nf6e4
19.Bc1b2 Be7b4
20.Kf1 Qc7b6
21.Ne3c2 Bb4c3
22.Bb2xc3 Ne4xc3
23.Qd1d3 Rd8c8
24.Nc2e1 Rf8d8
25.h4 h6
26.Rh1h3 Bb7e4
27.Qd3e3 Be4f5
28.Rh3h2 Nc3d5
29.Qe3d2 Nd5f6
30.Ra1d1 Nf6e4
31.Qd2f4 Rc8c2
32.Ne1xc2 Ne4c3
33.Rd1d2 Nc3xa2
34.g4 Bf5xc2
35.Rd2xc2 Na2b4
36.Rc2d2 Nb4d5
37.Qf4e4 Rd8c8
38.Kg2 Rc8c3
39.Rd2b2 Qb6d6
40.Rb2b1 Nd5f4
41.Kh1 Nf4d5
42.g5 hxg5
43.hxg5 Nd5f4
44.Nf3e5 Nf4h3
45.Qe4h4 Qd6d5
46.f3 Rc3xb3
{ time. }
1-0

[Event "Tourn. n9334"]
[Site "www.chess-mail.com"]
[Date "2017.05.31"]
[Round "1"]
[White "Wwgia"]
[Black "Prize64"]
[WhiteElo "1900"]
[BlackElo "2100"]
[Result "0-1"]
[Round "1"]
1.d4 Ng8f6
2.c4 g6
3.Nb1c3 Bf8g7
4.e4 d6
5.Ng1f3 O-O
6.Bf1e2 e5
7.O-O Nb8c6
8.d5 Nc6e7
9.Nf3e1 Nf6d7
10.f3 Kh8
11.Bc1e3 Ne7g8
12.b4 a5
13.a3 f5
14.c5 fxe4
15.fxe4 Bg7h6
16.Be3xh6 Ng8xh6
17.Qd1d2 Rf8xf1
18.Be2xf1 axb4
19.Qd2xh6 bxc3
20.cxd6 cxd6
21.Ne1f3 Nd7f6
22.Nf3g5 Kg8
23.h3 Qd8b6
24.Kh1 Qb6e3
{ resign }
0-1

[Event "Tourn. n9359"]
[Site "www.chess-mail.com"]
[Date "2017.05.31"]
[Round "1"]
[White "Cjood"]
[Black "Nulladies"]
[WhiteElo "1980"]
[BlackElo "1920"]
[Result "1-0"]
[Round "1"]
1.e3 c5
2.c4 g6
3.d4 Bf8g7
4.Ng1f3 d6
5.dxc5 Qd8a5
6.Qd1d2 Qa5xc5
7.Nb1c3 Ng8f6
8.Bf1d3 O-O
9.a3 Nb8c6
10.b4 Qc5b6
11.O-O Bc8e6
12.Nc3a4 Qb6c7
13.Ra1b1 a6
14.Qd2c2 Ra8c8
15.Nf3d4 Nf6d7
16.Nd4xe6 fxe6
17.Bd3xg6 hxg6
18.Qc2xg6 Rf8f6
19.Qg6g5 Nc6e5
20.c5 Ne5f7
21.Qg5h5 Rf6f5
22.Qh5g4 Nd7e5
23.Qg4e2 Qc7c6
24.Na4b6 Rc8d8
25.Bc1b2 dxc5
26.bxc5 Qc6xc5
27.Bb2c1 Ne5d7
28.Nb6c4 Nd7e5
29.Nc4d2 Rd8d7
30.Nd2e4 Qc5d5
31.Ne4g3 Rf5g5
32.e4 Qd5d3
33.Bc1xg5 Qd3xe2
34.Ng3xe2 Nf7xg5
35.f4 Rd7d2
36.Ne2g3 b5
37.fxg5 Rd2a2
38.Rb1b3 Ne5c4
39.h4 Nc4d2
40.Rb3d3 Nd2xf1
41.Kxf1 Bg7f8
42.Ng3e2 Ra2a1
43.Kf2 Ra1a2
44.h5 Bf8g7
45.h6 Bg7e5
46.g6 Ra2a1
47.Rd3d8 
1-0

[Event "Tourn. n9331"]
[Site "www.chess-mail.com"]
[Date "2017.05.31"]
[Round "1"]
[White "Ll69"]
[Black "Said1991"]
[WhiteElo "1679"]
[BlackElo "1809"]
[Result "1-0"]
[Round "1"]
1.c4 e5
2.g3 d6
3.Nb1c3 f5
4.Bf1g2 c6
5.d4 exd4
6.Qd1xd4 Ng8f6
7.Bc1g5 Bf8e7
8.Ng1f3 Bc8e6
9.O-O O-O
10.b3 Nb8d7
11.Ra1d1 Qd8e8
12.Bg5f4 d5
13.cxd5 Nf6xd5
14.Nc3xd5 Be6xd5
15.Nf3e5 Nd7f6
16.Ne5c4 Nf6e4
17.Nc4e3 Be7c5
18.Qd4b2 Bc5xe3
19.Bf4xe3 h6
20.Be3d4 Qe8g6
21.Rd1d3 Kh8
22.Rf1d1 Ra8e8
23.Bd4xa7 Rf8f6
24.Ba7d4 Rf6e6
25.e3 Kh7
26.Qb2e2 Qg6f7
27.f3 Ne4g5
28.h4 Qf7c7
29.hxg5 hxg5
30.Qe2f2 Re6h6
31.e4 fxe4
32.fxe4 Bd5e6
33.Qf2e3 Be6h3
34.Qe3xg5 Re8e6
35.Bg2xh3 { resign }
1-0

[Event "Tourn. n9215"]
[Site "www.chess-mail.com"]
[Date "2017.05.31"]
[Round "1"]
[White "Paulsyd"]
[Black "Vaido12"]
[WhiteElo "1949"]
[BlackElo "2009"]
[Result "0-1"]
[Round "1"]
1.e4 c5
2.Ng1f3 a6
3.d4 cxd4
4.Nf3xd4 Ng8f6
5.Nb1c3 d6
6.f3 e6
7.Bc1e3 b5
8.Qd1d2 Nb8d7
9.O-O-O Bc8b7
10.a3 h5
11.h3 h4
12.Kb1 Bf8e7
13.Rh1g1 Ra8c8
14.Be3f2 Kf8
15.g4 hxg3
16.Bf2xg3 Qd8b6
17.Bg3f2 Qb6c7
18.h4 Nd7e5
19.Qd2c1 Rc8b8
20.Bf1h3 Bb7c8
21.Nc3e2 b4
22.a4 Nf6e8
23.Ne2f4 b3
24.cxb3 Qc7xc1
25.Rd1xc1 Be7xh4
26.Bf2e3 g5
27.Nf4g2 Bh4g3
28.Rg1h1 Ne5d3
29.Bh3g4 Rh8xh1
30.Rc1xh1 Bc8d7
31.Kc2 Nd3c5
32.Rh1h8 Kg7
33.Rh8h5 Bg3e5
34.Rh5xg5 Kf8
35.Nd4b5 Be5f6
36.Rg5xc5 axb5
37.Rc5xb5 Bd7xb5
38.axb5 Bf6d8
39.f4 Ne8f6
40.Bg4f3 Rb8xb5
41.Ng2e1 d5
42.e5 Nf6e4
43.Bf3e2 Rb5b8
44.Ne1f3 Kg7
45.Nf3d4 Bd8b6
46.Be2g4 Bb6xd4
47.Be3xd4 Rb8b4
48.Bd4a7 Kg6
49.Bg4e2 Kf5
50.Ba7e3 d4
51.Be3c1 Ne4c5
52.Be2c4 Ke4
53.Bc1d2 d3
54.Kc3 Rb4b7
55.b4 Nc5a4
56.Kb3 Rb7c7
57.Bc4b5 Na4xb2
{ resign }
0-1

[Event "Tourn. n9345"]
[Site "www.chess-mail.com"]
[Date "2017.05.31"]
[Round "1"]
[White "Kazooie"]
[Black "Claymil"]
[WhiteElo "1970"]
[BlackElo "2070"]
[Result "1-0"]
[Round "1"]
1.e4 c5
2.Ng1f3 Nb8c6
3.d4 cxd4
4.Nf3xd4 g6
5.c4 Bf8g7
6.Bc1e3 a6
7.Nb1c3 e6
8.Bf1e2 Ng8e7
9.O-O O-O
10.Ra1c1 b6
11.f3 Bc8b7
12.a3 d5
13.cxd5 exd5
14.Nc3xd5 Ne7xd5
15.exd5 Qd8xd5
16.Nd4xc6 Bb7xc6
17.b4 Qd5xd1
18.Rf1xd1 Bc6a4
19.Rd1d6 b5
20.Be3d4 Rf8e8
21.Be2d3 Re8d8
22.Rd6xd8 Ra8xd8
23.Bd4xg7 Kxg7
24.Bd3e4 Rd8d6
25.Rc1c3 f5
26.Be4b7 Ba4d1
27.Rc3c6 Rd6d2
28.Bb7xa6 Bd1e2
29.Rc6c5 Rd2a2
30.Ba6xb5 Be2d1
31.Rc5c7 Kh6
32.Rc7a7 g5
33.a4 Ra2b2
34.Ra7d7 Rb2a2
35.Rd7xd1 { resign }
1-0

[Event "Tourn. n9369"]
[Site "www.chess-mail.com"]
[Date "2017.05.31"]
[Round "1"]
[White "Bojan"]
[Black "Attatroll"]
[WhiteElo "1980"]
[BlackElo "2060"]
[Result "1/2-1/2"]
[Round "1"]
1.e4 d6
2.d4 Ng8f6
3.Nb1c3 g6
4.f4 Bf8g7
5.Bc1e3 O-O
6.h3 Nb8c6
7.Qd1f3 e5
8.dxe5 dxe5
9.f5 Nc6d4
10.Be3xd4 Qd8xd4
11.Bf1d3 c6
12.Ng1e2 Qd4b6
13.b3 Nf6h5
14.Nc3a4 Qb6a5
15.Kf2 b5
16.Na4c5 Qa5b6
17.b4 a5
18.a3 Bc8b7
19.g3 Nh5f6
20.g4 Nf6d7
21.Qf3e3 Nd7xc5
22.bxc5 Qb6c7
23.h4 Ra8d8
24.h5 gxf5
25.gxf5 f6
26.a4 h6
27.axb5 cxb5
28.Bd3xb5 Bb7c6
29.Bb5c4 Kh8
30.Ne2c3 Rd8d4
31.Bc4d3 Rf8d8
32.Rh1d1 Bg7f8
33.Bd3b5 Bf8xc5
34.Qe3xh6 Qc7h7
35.Qh6xf6 Qh7g7
36.Qf6xg7 Kxg7
37.Rd1xd4 Bc5xd4
38.Kf3 Bc6xb5
39.Ra1d1 Bb5c4
40.Nc3e2 Bc4xe2
41.Kxe2 Kh6
42.c3 Bd4b6
43.Rd1b1 Rd8b8
44.f6 Bb6c7
45.Rb1g1 Kxh5
46.Rg1g7 Bc7d6
47.Rg7a7 Kg5
48.f7 Rb8f8
49.Ra7xa5 Rf8xf7
50.Ra5a6 Bd6c7
51.Ra6a7 Rf7f2
52.Kd3 Bc7b6
53.Ra7g7 Kf4
54.Rg7f7 Kg3
55.Rf7e7 Rf2f3
56.Kc4 Kf4
57.Kd5 Rf3xc3
58.Re7f7 Ke3
59.Kxe5 Rc3c5
60.Kd6 Kxe4
61.Rf7h7 Rc5c2
62.Rh7h5 Bb6d4
63.Rh5h4 Kd3
64.Ke6 Kc4
65.Rh4h5 Rc2e2
66.Kd7 Bd4c5
{ draw }
1/2-1/2

[Event "Tourn. n9404"]
[Site "www.chess-mail.com"]
[Date "2017.05.31"]
[Round "1"]
[White "Bojan"]
[Black "Astroboy"]
[WhiteElo "1920"]
[BlackElo "2079"]
[Result "0-1"]
[Round "1"]
1.e4 c5
2.Ng1f3 d6
3.c3 Nb8c6
4.Bf1c4 a6
5.d4 b5
6.Bc4e2 Bc8g4
7.d5 Nc6b8
8.h3 Bg4h5
9.Bc1e3 Ng8f6
10.Nb1d2 Nb8d7
11.Qd1c2 e6
12.g4 Bh5g6
13.Nf3h4 Nf6xd5
14.Nh4xg6 Nd5xe3
15.fxe3 hxg6
16.Be2f3 Qd8h4
17.Ke2 Nd7e5
18.Ra1g1 c4
19.Kf1 Ne5d3
20.Rg1g2 Qh4e1
{ resign }
0-1

[Event "Tourn. n9392"]
[Site "www.chess-mail.com"]
[Date "2017.05.31"]
[Round "1"]
[White "Cjood"]
[Black "Prize64"]
[WhiteElo "2010"]
[BlackElo "2180"]
[Result "0-1"]
[Round "1"]
1.Nb1c3 c5
2.d4 cxd4
3.Qd1xd4 Nb8c6
4.Qd4h4 d5
5.Bc1f4 d4
6.O-O-O Qd8a5
7.Nc3e4 Qa5xa2
8.Bf4c7 Bc8f5
9.Ne4c5 Bf5xc2
10.Rd1xd4 Qa2b1
11.Kd2 e5
12.Rd4c4 Qb1d1
13.Ke3 Bf8e7
14.Qh4h5 Ng8f6
15.Qh5h3 Be7xc5
16.Rc4xc5 Qd1d4
{ resign }
0-1

[Event "Tourn. n9379"]
[Site "www.chess-mail.com"]
[Date "2017.05.31"]
[Round "1"]
[White "Xkafi"]
[Black "Panham"]
[WhiteElo "2020"]
[BlackElo "2190"]
[Result "0-1"]
[Round "1"]
1.e4 e5
2.Bf1c4 Ng8f6
3.d3 d5
4.exd5 Nf6xd5
5.Ng1f3 Nb8c6
6.c3 Bf8c5
7.O-O O-O
8.b4 Bc5b6
9.a4 a6
10.Rf1e1 Rf8e8
11.Qd1b3 Bc8e6
12.Nf3xe5 Bb6xf2
13.Kxf2 Qd8h4
14.Kf1 Nc6xe5
15.Bc4xd5 Ne5xd3
16.Re1e2 Be6xd5
17.Qb3d1 Qh4xh2
18.Qd1xd3 Qh2h1
19.Kf2 Qh1xg2
20.Ke1 Qg2g1
21.Kd2 Bd5b3
22.Re2xe8 Ra8xe8
23.Qd3f3 Re8d8
{ resign }
0-1

[Event "Tourn. n9319"]
[Site "www.chess-mail.com"]
[Date "2017.05.31"]
[Round "1"]
[White "Rons"]
[Black "Roserl"]
[WhiteElo "2590"]
[BlackElo "2200"]
[Result "1-0"]
[Round "1"]
1.e4 c5
2.Ng1f3 Nb8c6
3.d4 cxd4
4.Nf3xd4 Ng8f6
5.Nb1c3 e6
6.Nd4b5 d6
7.Bc1f4 e5
8.Bf4g5 a6
9.Nb5a3 b5
10.Bg5xf6 gxf6
11.Nc3d5 Bf8g7
12.Bf1d3 Bc8e6
13.O-O O-O
14.Qd1h5 Nc6e7
15.c4 bxc4
16.Na3xc4 Ne7g6
17.Nc4e3 a5
18.Ra1c1 Ra8c8
19.b3 Rc8xc1
20.Rf1xc1 Kh8
21.g3 Rf8g8
22.Rc1c6 Bg7f8
23.Qh5f3 Bf8e7
24.Kh1 Ng6f8
25.Rc6c7 Nf8g6
26.Rc7xe7 { resign }
1-0

[Event "Tourn. n9285"]
[Site "www.chess-mail.com"]
[Date "2017.05.31"]
[Round "1"]
[White "Danquigley"]
[Black "Ejner"]
[WhiteElo "2540"]
[BlackElo "2370"]
[Result "1-0"]
[Round "1"]
1.e4 e6
2.d4 d5
3.Nb1c3 Ng8f6
4.Bc1g5 Bf8e7
5.e5 Nf6d7
6.h4 O-O
7.Qd1g4 f5
8.Bg5xe7 Qd8xe7
9.Qg4g5 Qe7b4
10.O-O-O h6
11.Qg5g6 Qb4e7
12.Ng1f3 Qe7f7
13.Qg6xf7 Rf8xf7
14.Nc3e2 c5
15.Ne2f4 Rf7e7
16.c4 dxc4
17.Bf1xc4 Kf7
18.d5 Nd7f8
19.h5 a6
20.Nf3h4 b5
21.dxe6 Bc8xe6
22.Nf4xe6 bxc4
23.Ne6xf8 Kxf8
24.Nh4g6 { resign }
1-0

[Event "Tourn. n9317"]
[Site "www.chess-mail.com"]
[Date "2017.05.31"]
[Round "1"]
[White "Cal"]
[Black "Pachi"]
[WhiteElo "1700"]
[BlackElo "1530"]
[Result "1/2-1/2"]
[Round "1"]
1.d4 d5
2.h3 f6
3.Ng1f3 Nb8c6
4.e3 e5
5.dxe5 fxe5
6.Nb1c3 Bc8e6
7.a3 d4
8.exd4 exd4
9.Nc3e4 Qd8d5
10.b3 Qd5xe4
11.Bf1e2 O-O-O
12.O-O Bf8d6
13.Be2d3 Qe4d5
14.Nf3g5 h6
15.Ng5e4 Ng8f6
16.f3 Nf6xe4
17.fxe4 Qd5e5
18.Bc1f4 Qe5c5
19.Bf4xd6 Rd8xd6
20.Qd1d2 b6
21.b4 Qc5g5
22.Qd2xg5 hxg5
23.c4 dxc3
24.Bd3c2 Be6c4
25.Rf1f5 Nc6d4
26.Rf5xg5 Nd4xc2
27.Ra1c1 Rd6d2
28.Rg5xg7 Nc2e3
29.Rc1xc3 Rd2xg2
30.Rg7xg2 Ne3xg2
31.Kxg2 Bc4e6
32.Rc3g3 c5
33.bxc5 bxc5
34.a4 a5
35.Rg3c3 c4
36.e5 Rh8h5
37.Rc3e3 Kc7
38.Re3g3 Rh5xe5
39.Rg3g7 Kd6
40.Rg7g3 Be6d5
41.Kf2 Re5h5
42.Rg3g6 Kc5
43.Rg6g3 Kb4
44.Ke2 Bd5e6
45.Rg3e3 Rh5xh3
46.Re3xe6 c3
47.Re6b6 Kc4
48.Rb6b5 c2
49.Kd2 Rh3c3
50.Kc1 Kd3
51.Rb5xa5 Rc3a3
52.Ra5d5 Kc3
53.Rd5c5 Kb3
54.Rc5xc2 Kxa4
55.Rc2c4 Kb3
56.Rc4c2 Ra3a1
57.Kd2 Ra1a2
58.Rc2xa2 Kxa2
59.Kc3 { draw }
1/2-1/2

[Event "Tourn. n9347"]
[Site "www.chess-mail.com"]
[Date "2017.05.31"]
[Round "1"]
[White "Albertf"]
[Black "Autmich"]
[WhiteElo "1840"]
[BlackElo "1860"]
[Result "0-1"]
[Round "1"]
1.d4 Ng8f6
2.c4 e6
3.Nb1c3 Bf8b4
4.Bc1d2 O-O
5.e3 c5
6.a3 Bb4xc3
7.Bd2xc3 cxd4
8.Qd1xd4 Nb8c6
9.Qd4d3 d5
10.Bc3xf6 Qd8xf6
11.Qd3c3 d4
12.exd4 Qf6xd4
13.Ra1d1 Qd4xc3
14.bxc3 e5
15.Ng1f3 Bc8g4
16.Bf1e2 Ra8d8
17.O-O e4
18.Nf3d4 Bg4xe2
19.Nd4xe2 Nc6e5
{ resign }
0-1

[Event "Match"]
[Site "www.echecsemail.com"]
[Date "2017.05.31"]
[Round "1"]
[White "Insearchof"]
[Black "Add"]
[WhiteElo "2250"]
[BlackElo "2230"]
[Result "0-1"]
[Round "1"]
1.d4 e6
2.c4 h6
3.e4 d6
4.Nb1c3 c6
5.Ng1f3 Nb8d7
6.Bf1e2 Ng8f6
7.O-O Bf8e7
8.h3 e5
9.Rf1e1 b6
10.Be2f1 Bc8b7
11.b3 Nf6h7
12.d5 c5
13.g3 Nd7f6
 { time }
0-1

[Event "Match"]
[Site "www.echecsemail.com"]
[Date "2017.05.31"]
[Round "1"]
[White "Carazo"]
[Black "Llord"]
[WhiteElo "1610"]
[BlackElo "2030"]
[Result "1-0"]
[Round "1"]
1.e4 e5
2.Ng1f3 Nb8c6
3.Bf1c4 d6
4.d3 Ng8f6
5.Nf3g5 Bc8e6
6.Bc4xe6 fxe6
7.Ng5xe6 Qd8e7
8.Ne6g5 h6
9.Ng5h3 O-O-O
10.O-O Kb8
11.c3 a6
12.Bc1e3 d5
13.Nb1d2 dxe4
14.f4 exf4
15.Be3xf4 exd3
16.Rf1e1 Qe7c5
17.Kh1 Nf6g4
18.Qd1xg4 h5
19.Qg4g3 Nc6a5
20.Ra1c1 h4
21.Qg3f3 Bf8e7
22.Bf4e3 Qc5d6
23.Nd2e4 Qd6d5
24.Qf3f2 Na5c6
25.Ne4d2 Rd8f8
26.Qf2g1 Rh8g8
27.c4 Qd5d6
28.Nd2e4 Qd6b4
29.Be3d2 Qb4xb2
30.Qg1e3 Rf8d8
31.Nh3f4 g5
32.Nf4xd3 Qb2xa2
33.Rc1a1 Qa2xc4
34.Nd3b2 Qc4d4
35.Bd2c3 Qd4xe3
36.Re1xe3 Rd8e8
37.Re3e1 Be7b4
38.Bc3xb4 Nc6xb4
39.Re1e2 g4
40.Ra1e1 Rg8f8
41.Nb2c4 Nb4d3
42.Re1d1 b5
43.Nc4a5 Re8e7
44.Na5c6 Ka8
45.Nc6xe7 Nd3e5
46.Ne4c5 Ne5c4
47.Ne7d5 c6
48.Nd5b4 a5
49.Nb4xc6 a4
50.Re2e7 { resign }
1-0